00622 2200217 4500001002100000005001700021008004100038020001800079035002400097082001000121090002200131100002400153245009600177260002700273300002200300650002400322850001600346980001400362985000600376999002200382YOGYA-0209000004537320090227030900.0 ind  a979-763-455-8 0010-020900000045373 a650.1 a650.1bYud HlDEP aYUDHO, Bambang, Pdt aHow to become succes Christian entrepreneur = kiat menjadi pengusaha KristencBambang Yudho aYogyakartabAndic2006 avi, 70 hlmc19 cm aSukses dalam bisnis aYOPDYOG (M) a14-6-2007 a1 aCB-D.11 2006-771h